[Event "4NCL 2016-17"]
[Site "Reading ENG"]
[Date "2017.03.05"]
[Round "8.14"]
[White "Foisor, Mihaela-Veronica"]
[Black "Williams, Simon K"]
[Result "1/2-1/2"]
[WhiteTitle "WIM"]
[BlackTitle "GM"]
[WhiteElo "2249"]
[BlackElo "2444"]
[WhiteTeam "Grantham Sharks"]
[BlackTeam "Cheddleton"]
[WhiteFideId "2270757"]
[BlackFideId "404454"]
[EventDate "2016.11.19"]

1. d4 d5 2. c4 Nc6 3. e3 e5 4. dxe5 d4 5. exd4 Qxd4 6. Qxd4 Nxd4 7. Bd3 Ne7 8.
Ne2 Ndc6 9. Bf4 Nb4 10. Be4 Bf5 11. a3 Bxe4 12. axb4 Ng6 13. c5 Bxg2 14. Rg1 Bf3
15. Bg3 Be7 16. Nd4 Bg4 17. f3 Bd7 18. Nc3 O-O 19. Kf2 a5 20. Nd5 axb4 21. Nxe7+
Nxe7 22. e6 fxe6 23. Bxc7 Rxa1 24. Rxa1 Nf5 25. Nxf5 Rxf5 26. Bd6 g5 27. Re1 Bc6
28. Rxe6 Rxf3+ 29. Ke2 Kf7 30. Re3 Rf6 31. Rb3 Re6+ 32. Re3 Rh6 33. Bg3 Rf6 34.
Rb3 Re6+ 35. Re3 Be4 36. Kd2 h5 37. Rb3 h4 38. Bd6 g4 39. Rxb4 g3 40. hxg3 h3
41. g4 Kg6 42. Bf4 Bf3 43. Rb6 Rxb6 44. cxb6 Bxg4 1/2-1/2

[Event "4NCL 2016-17"]
[Site "Reading ENG"]
[Date "2017.03.05"]
[Round "8.15"]
[White "Arkell, Keith C"]
[Black "Birtwistle, Nigel"]
[Result "1-0"]
[WhiteTitle "GM"]
[WhiteElo "2450"]
[BlackElo "2110"]
[WhiteTeam "Cheddleton"]
[BlackTeam "Grantham Sharks"]
[WhiteFideId "400270"]
[BlackFideId "406945"]
[EventDate "2016.11.19"]

1. d4 Nf6 2. Nf3 g6 3. c4 Bg7 4. Nc3 O-O 5. g3 d6 6. Bg2 Nbd7 7. O-O e5 8. e4 c6
9. h3 Qa5 10. Re1 Re8 11. d5 cxd5 12. cxd5 b5 13. a3 b4 14. Na2 b3 15. Qxb3 Nc5
16. Qc2 Ncxe4 17. Rxe4 Nxe4 18. Qxe4 Bf5 19. Qe1 Qb6 20. Nd2 Rac8 21. Nb4 Bd7
22. Ne4 f5 23. Nc3 e4 24. Be3 Qb8 25. Qd2 a5 26. Nc6 Bxc6 27. dxc6 Qb3 28. Bd4
Bxd4 29. Qxd4 Rxc6 30. Nd5 Re5 31. Ne3 Qb5 32. Bf1 Qc5 33. Bc4+ Kg7 34. Qc3 h5
35. Rd1 Kh7 36. b4 axb4 37. axb4 Qb6 38. Rxd6 Rxd6 39. Qxe5 Qxb4 40. Qe7+ Kh6
41. Qf8+ 1-0

[Event "4NCL 2016-17"]
[Site "Reading ENG"]
[Date "2017.03.05"]
[Round "8.16"]
[White "Bremner, Adam"]
[Black "Connell, Blair N"]
[Result "1/2-1/2"]
[WhiteTitle "CM"]
[WhiteElo "2207"]
[BlackElo "2263"]
[WhiteTeam "Grantham Sharks"]
[BlackTeam "Cheddleton"]
[WhiteFideId "2400847"]
[BlackFideId "403725"]
[EventDate "2016.11.19"]

1. d4 d5 2. Bf4 Nf6 3. e3 c6 4. c4 Nbd7 5. Nc3 e6 6. Nf3 Be7 7. h3 O-O 8. Qb3
Qa5 9. Bd3 c5 10. O-O cxd4 11. exd4 dxc4 12. Bxc4 a6 13. Bxe6 Nb6 14. Bxf7+ Rxf7
15. Bc7 Qf5 16. Qxb6 Nd5 17. Nxd5 Qxd5 18. Qa5 b5 19. Qc3 Bxh3 20. Qb3 Qxb3 21.
axb3 Be6 22. Ne5 Rf6 23. Rfe1 Rc8 24. Rac1 Bb4 25. Rf1 Bxb3 26. Nc6 Bf8 27. Ne5
Bb4 1/2-1/2

[Event "4NCL 2016-17"]
[Site "Reading ENG"]
[Date "2017.03.05"]
[Round "8.17"]
[White "Kirk, Ezra"]
[Black "Law, Zhe Kang"]
[Result "1-0"]
[WhiteTitle "FM"]
[WhiteElo "2345"]
[BlackElo "2215"]
[WhiteTeam "Cheddleton"]
[BlackTeam "Grantham Sharks"]
[WhiteFideId "600067"]
[BlackFideId "5701384"]
[EventDate "2016.11.19"]

1. e4 c5 2. Nf3 e6 3. d4 cxd4 4. Nxd4 Nf6 5. Nc3 d6 6. g4 a6 7. Be3 b5 8. f3 Bb7
9. Qd2 Nbd7 10. O-O-O b4 11. Nce2 d5 12. g5 Nh5 13. Ng3 Nxg3 14. hxg3 Nc5 15. g6
dxe4 16. Rxh7 Rg8 17. gxf7+ Kxf7 18. Qh2 Qf6 19. Bc4 Ke8 20. f4 Rd8 21. f5 Bd5
22. Nxe6 Nxe6 23. Bxd5 Bc5 24. Qh5+ Ke7 25. Bxc5+ Nxc5 26. Bxg8 Rxg8 27. Kb1 Rc8
28. Qg4 Kf7 29. Rd6 Qe5 30. f6 1-0

[Event "4NCL 2016-17"]
[Site "Reading ENG"]
[Date "2017.03.05"]
[Round "8.18"]
[White "Murphy, Hugh W"]
[Black "Steil-Antoni, Fiona"]
[Result "1/2-1/2"]
[BlackTitle "WIM"]
[WhiteElo "2105"]
[BlackElo "2141"]
[WhiteTeam "Grantham Sharks"]
[BlackTeam "Cheddleton"]
[WhiteFideId "422444"]
[BlackFideId "4001249"]
[EventDate "2016.11.19"]

1. d4 d5 2. Nf3 e6 3. e3 f5 4. c4 c6 5. Be2 Bd6 6. O-O Nf6 7. b3 Qe7 8. a4 O-O
9. Ba3 c5 10. Nc3 cxd4 11. Bxd6 Qxd6 12. Nxd4 a6 13. cxd5 exd5 14. Bf3 Nc6 15.
g3 g5 16. Nce2 Bd7 17. Bg2 Rae8 18. Rc1 Re7 19. Qc2 f4 20. Nxc6 bxc6 21. exf4
Rfe8 22. Nd4 gxf4 23. Nxc6 Re2 24. Qc5 Qxc5 25. Rxc5 Ne4 26. Rcc1 Kh8 27. Nd4
Rb2 28. Rfe1 Rf8 29. f3 fxg3 30. fxe4 Rff2 31. Bf1 Rxh2 32. Re2 dxe4 33. Rxb2
Rxb2 34. Be2 Rd2 35. Rd1 Rxd1+ 36. Bxd1 Kg7 37. Kg2 Kf6 38. Kxg3 Ke5 39. Ne2 a5
40. Nc3 Kd4 41. Nb5+ Kd3 42. Nd6 e3 43. Nc4 e2 44. Bxe2+ Kxe2 45. Nxa5 Kd3 46.
Nc4 Kc3 47. Ne5 Bxa4 48. bxa4 Kb4 49. Kg4 1/2-1/2

[Event "4NCL 2016-17"]
[Site "Reading ENG"]
[Date "2017.03.05"]
[Round "8.21"]
[White "Bauer, Christian"]
[Black "Speelman, Jon S"]
[Result "1-0"]
[WhiteTitle "GM"]
[BlackTitle "GM"]
[WhiteElo "2632"]
[BlackElo "2526"]
[WhiteTeam "3C's"]
[BlackTeam "Wood Green"]
[WhiteFideId "603767"]
[BlackFideId "400033"]
[EventDate "2016.11.19"]

1. e4 e6 2. d4 d5 3. Nc3 Nf6 4. e5 Nfd7 5. f4 c5 6. Nf3 Nc6 7. Be3 a6 8. Qd2
cxd4 9. Nxd4 Bc5 10. O-O-O O-O 11. h4 Bxd4 12. Bxd4 b5 13. Bf2 Bb7 14. h5 Rc8
15. h6 g6 16. Kb1 Qc7 17. Bd3 Na5 18. Rhe1 Nc4 19. Bxc4 bxc4 20. f5 Rfe8 21.
fxg6 fxg6 22. Qg5 Rf8 23. Qe7 Rf7 24. Qxe6 Nf8 25. Qb6 d4 26. Qxd4 Bxg2 27. e6
Rf4 28. Qd2 1-0

[Event "4NCL 2016-17"]
[Site "Reading ENG"]
[Date "2017.03.05"]
[Round "8.22"]
[White "Fitzsimons, David"]
[Black "Gordon, Stephen J"]
[Result "1/2-1/2"]
[WhiteTitle "FM"]
[BlackTitle "GM"]
[WhiteElo "2372"]
[BlackElo "2506"]
[WhiteTeam "Wood Green"]
[BlackTeam "3C's"]
[WhiteFideId "2501961"]
[BlackFideId "411477"]
[EventDate "2016.11.19"]

1. e4 c5 2. c3 Nf6 3. e5 Nd5 4. d4 cxd4 5. Nf3 Nc6 6. cxd4 d6 7. Bc4 dxe5 8.
dxe5 Nb6 9. Qxd8+ Nxd8 10. Bb3 g6 11. Nc3 Bg7 12. Nb5 O-O 13. Nc7 Rb8 14. Bg5
Nc6 15. e6 Bxe6 16. Nxe6 fxe6 17. O-O-O Nd5 18. Rhe1 Nc7 19. Kb1 Rbd8 20. Bh4
Bf6 21. Bg3 Rxd1+ 22. Rxd1 Nd5 23. Bxd5 exd5 24. Rxd5 Rd8 25. Rxd8+ Nxd8 26. Nd2
Kf7 27. Ne4 Nc6 28. Kc2 b5 29. Kb3 Ke6 30. a4 bxa4+ 31. Kxa4 Bxb2 32. Ng5+ Kf5
33. Nxh7 Bg7 34. h4 Bh6 35. Kb5 Nd4+ 36. Ka6 Kg4 37. Ng5 Nf5 38. Nf7 Nxg3 39.
Nxh6+ Kxh4 40. fxg3+ Kxg3 41. Nf7 Kf4 42. Kxa7 e5 43. Kb6 e4 44. Kc5 e3 45. Kd4
e2 46. Ne5 Kg3 47. Nd3 Kxg2 48. Ke3 Kf1 49. Kf3 g5 50. Kg4 e1=Q 51. Nxe1 Kxe1
52. Kxg5 1/2-1/2

[Event "4NCL 2016-17"]
[Site "Reading ENG"]
[Date "2017.03.05"]
[Round "8.23"]
[White "Libiszewski, Fabien"]
[Black "Haria, Ravi"]
[Result "0-1"]
[WhiteTitle "GM"]
[BlackTitle "FM"]
[WhiteElo "2543"]
[BlackElo "2383"]
[WhiteTeam "3C's"]
[BlackTeam "Wood Green"]
[WhiteFideId "616834"]
[BlackFideId "415820"]
[EventDate "2016.11.19"]

1. e4 e6 2. d4 d5 3. Nc3 Bb4 4. e5 Ne7 5. a3 Bxc3+ 6. bxc3 b6 7. Qg4 Ng6 8. h4
h5 9. Qg3 Ba6 10. Bxa6 Nxa6 11. Ne2 Qd7 12. a4 Nb8 13. f4 Nc6 14. f5 exf5 15.
O-O O-O-O 16. Qg5 Kb7 17. Ng3 Nce7 18. Nxh5 Rh7 19. g3 Qc6 20. Bd2 Rdh8 21. g4
fxg4 22. Ng3 Rxh4 23. Rxf7 Rh3 24. Be1 Rxg3+ 0-1

[Event "4NCL 2016-17"]
[Site "Reading ENG"]
[Date "2017.03.05"]
[Round "8.24"]
[White "McDonald, Neil"]
[Black "Guichard, Pauline"]
[Result "0-1"]
[WhiteTitle "GM"]
[BlackTitle "WGM"]
[WhiteElo "2423"]
[BlackElo "2311"]
[WhiteTeam "Wood Green"]
[BlackTeam "3C's"]
[WhiteFideId "400629"]
[BlackFideId "639370"]
[EventDate "2016.11.19"]

1. Nf3 d5 2. g3 Bg4 3. Bg2 e6 4. c4 c6 5. Qb3 Qb6 6. Qc2 Nf6 7. O-O Nbd7 8. d3
Be7 9. Bf4 O-O 10. Nc3 Rfd8 11. Rab1 Qa6 12. b4 dxc4 13. dxc4 Qxc4 14. Nd2 Qa6
15. a4 Rac8 16. Rfc1 Nd5 17. Nxd5 cxd5 18. Qxc8 Rxc8 19. Rxc8+ Nf8 20. Re8 g5
21. Be3 Bf6 22. Rc1 Kg7 23. h4 h6 24. hxg5 hxg5 25. Nf3 Qxa4 26. Rb8 Qb5 27. Rc7
Qxe2 28. Rbxb7 Qd1+ 29. Kh2 Bxf3 30. Rxf7+ Kg6 31. Rxf8 Bxg2 32. Kxg2 d4 33. Rd7
Qc2 34. Rxf6+ Kxf6 35. Bxd4+ Kf5 36. Bc5 a5 37. Rf7+ Kg6 38. Re7 Qe4+ 39. Kg1
Qe1+ 40. Kh2 axb4 41. Rb7 Qc3 42. Be3 b3 43. Rb6 Kf5 44. Rb5+ e5 45. Rb6 b2 0-1

[Event "4NCL 2016-17"]
[Site "Reading ENG"]
[Date "2017.03.05"]
[Round "8.25"]
[White "Longson, Alexander"]
[Black "Pein, Malcolm"]
[Result "1/2-1/2"]
[WhiteTitle "FM"]
[BlackTitle "IM"]
[WhiteElo "2317"]
[BlackElo "2353"]
[WhiteTeam "3C's"]
[BlackTeam "Wood Green"]
[WhiteFideId "408093"]
[BlackFideId "400289"]
[EventDate "2016.11.19"]

1. e4 c5 2. Nf3 e6 3. g3 Nc6 4. Bg2 d5 5. exd5 exd5 6. d4 c4 7. O-O Bd6 8. b3
cxb3 9. axb3 Nge7 10. c4 O-O 11. Bb2 b6 12. Ne5 Bb7 13. Nxc6 Bxc6 14. Nc3 Bb4 1/2-1/2

[Event "4NCL 2016-17"]
[Site "Reading ENG"]
[Date "2017.03.05"]
[Round "8.26"]
[White "Weaving, Richard"]
[Black "Walton, Alan J"]
[Result "1-0"]
[BlackTitle "CM"]
[WhiteElo "2252"]
[BlackElo "2191"]
[WhiteTeam "Wood Green"]
[BlackTeam "3C's"]
[WhiteFideId "401161"]
[BlackFideId "409898"]
[EventDate "2016.11.19"]

1. e4 e6 2. d4 d5 3. Nd2 Nf6 4. e5 Nfd7 5. Bd3 c5 6. c3 Nc6 7. Ne2 cxd4 8. cxd4
f6 9. exf6 Nxf6 10. Nf3 Bd6 11. O-O O-O 12. Bf4 Bxf4 13. Nxf4 Ne4 14. Qc1 Qd6
15. Ne2 e5 16. dxe5 Nxe5 17. Nxe5 Qxe5 18. f3 Nf6 19. Qc3 Qd6 20. Rac1 Bd7 21.
Qc5 Qe5 22. Qd4 Rfe8 23. Qxe5 Rxe5 24. Nd4 Re3 25. Rfd1 g6 26. Rc7 Rb8 27. Bc2
Re7 28. Bb3 Kf8 29. Kf2 Be8 30. Rdc1 Rd8 31. h4 Rxc7 32. Rxc7 Rd7 33. Rc8 Ke7
34. g4 a6 35. g5 Nh5 36. Ke3 Ng7 37. Ba4 b5 38. Bb3 Bf7 39. Ra8 Rd6 40. f4 Be8
41. Bc2 Bf7 42. Rh8 Ne6 43. Rxh7 Kf8 44. Rh8+ Bg8 45. Rh6 Nxd4 46. Kxd4 Rc6 47.
Bd3 1-0

[Event "4NCL 2016-17"]
[Site "Reading ENG"]
[Date "2017.03.05"]
[Round "8.27"]
[White "Abbas, Daniel"]
[Black "Mikalsen, Erlend"]
[Result "1-0"]
[BlackTitle "FM"]
[WhiteElo "2270"]
[BlackElo "2350"]
[WhiteTeam "3C's"]
[BlackTeam "Wood Green HK"]
[WhiteFideId "423831"]
[BlackFideId "1507338"]
[EventDate "2016.11.19"]

1. e4 c5 2. Nf3 d6 3. Bb5+ Nd7 4. O-O a6 5. Bd3 Ngf6 6. Re1 g6 7. c3 Bg7 8. Bc2
O-O 9. d4 Qc7 10. a4 b6 11. Qe2 Bb7 12. Na3 e6 13. Bd2 h6 14. Bd3 d5 15. e5 Ne4
16. Be3 g5 17. h4 f6 18. exf6 Ndxf6 19. hxg5 Ng4 20. Bxe4 dxe4 21. Ne5 Nxe5 22.
dxe5 hxg5 23. Qh5 Rf5 24. Qg6 Qe7 25. Nc4 Bc6 26. Qh5 b5 27. axb5 axb5 28. Rxa8+
Bxa8 29. Nd6 Rxe5 30. Nxb5 Rd5 31. c4 Rf5 32. Ra1 Bc6 33. Ra7 Qf8 34. Qg6 Qf6
35. Rxg7+ Qxg7 36. Qxe6+ Rf7 37. Qc8+ 1-0

[Event "4NCL 2016-17"]
[Site "Reading ENG"]
[Date "2017.03.05"]
[Round "8.28"]
[White "Longson, Sarah N"]
[Black "Burrows, Martin P"]
[Result "1/2-1/2"]
[WhiteTitle "WFM"]
[WhiteElo "2040"]
[BlackElo "2119"]
[WhiteTeam "Wood Green"]
[BlackTeam "3C's"]
[WhiteFideId "2501465"]
[BlackFideId "409057"]
[EventDate "2016.11.19"]

1. e4 c5 2. Nf3 d6 3. d4 cxd4 4. Nxd4 Nf6 5. Nc3 a6 6. h3 e5 7. Nb3 Be6 8. Be3
Be7 9. Qf3 b5 10. g4 b4 11. Nd5 Nxd5 12. exd5 Bd7 13. Bd3 a5 14. Nd2 Na6 15. Nc4
Nc7 16. h4 a4 17. g5 a3 18. b3 Nb5 19. Nb6 Rb8 20. Nxd7 Qxd7 21. h5 Qc7 22. Kf1
Qc3 23. Kg2 Nd4 24. Qe4 f5 25. gxf6 Bxf6 26. Rae1 Kd8 27. Bxd4 Qxd4 28. Qxd4
exd4 29. Re6 Be5 30. Rh4 Kc7 31. Re7+ Kb6 32. Re4 Rbf8 33. Re6 Kc7 34. Re7+ Kb6
35. Be2 g5 36. Bd3 h6 37. Re6 Kc7 38. Bb5 Rf4 39. Rxf4 Bxf4 40. Bc6 Rh7 41. Re8
Rf7 42. Ra8 Rf6 43. Ra7+ Kc8 44. Ra4 Bd2 45. Ra8+ Kc7 46. Ra7+ Kc8 47. Re7 Kd8
48. Re4 Bc3 49. Kf1 Kc7 50. Ke2 Kb6 51. Re7 d3+ 52. cxd3 Kc5 53. f3 Rf4 54. Be8 1/2-1/2

[Event "4NCL 2016-17"]
[Site "Reading ENG"]
[Date "2017.03.05"]
[Round "8.31"]
[White "Turner, Matthew J"]
[Black "Palliser, Richard J D"]
[Result "1/2-1/2"]
[WhiteTitle "GM"]
[BlackTitle "IM"]
[WhiteElo "2522"]
[BlackElo "2421"]
[WhiteTeam "Barbican 4NCL"]
[BlackTeam "White Rose"]
[WhiteFideId "402893"]
[BlackFideId "407372"]
[EventDate "2016.11.19"]

1. d4 Nf6 2. Bg5 d5 3. e3 c5 4. Bxf6 gxf6 5. dxc5 Nc6 6. Bb5 e6 7. c4 dxc4 8.
Nd2 Bxc5 9. Ngf3 c3 10. Ne4 Qxd1+ 11. Rxd1 c2 12. Rc1 Bb4+ 13. Ke2 f5 14. Ned2
Bd7 15. Rxc2 a6 16. Bc4 Bd6 17. a3 Ne5 18. Nxe5 Bxe5 19. g3 Bc6 20. Rhc1 Ke7 21.
Bd3 Rhd8 22. f4 Bf6 23. Nb3 Bd5 24. Nc5 Rac8 25. b4 Rc7 26. g4 fxg4 27. e4 Bc6
28. e5 Bh4 29. Be4 Bb5+ 30. Ke3 f5 31. a4 fxe4 32. axb5 axb5 33. Nxe4 Rxc2 34.
Rxc2 Rd1 35. Rc7+ Kd8 36. Rxb7 Re1+ 37. Kd4 Be7 38. Nc5 Rd1+ 39. Ke3 Bxc5+ 40.
bxc5 Rh1 41. Kf2 Rxh2+ 42. Kg3 Rc2 43. Kxg4 Rxc5 44. Kg5 Rc7 45. Rb8+ Ke7 46.
Rxb5 Kf7 47. Kh6 Rc1 48. Rb7+ Kf8 49. Rxh7 Rg1 50. Kh5 Ke8 51. Ra7 Kf8 52. Kh4
Ke8 53. Ra3 Kf7 54. Rg3 Rf1 55. Kg4 Kg6 56. Rg2 Kf7 57. Ra2 Rg1+ 58. Kf3 Rf1+
59. Ke3 Re1+ 60. Kf2 Rb1 61. Ra8 Rb3 62. Ke2 Rh3 63. Rd8 Ra3 64. Rd3 Ra1 65. Kf3
Rf1+ 66. Ke4 Re1+ 67. Re3 Ra1 68. Rh3 Re1+ 69. Re3 Ra1 70. Rh3 Re1+ 71. Kf3 Rf1+
72. Ke3 Re1+ 73. Kd4 Rf1 74. Rh7+ Kg6 75. Re7 Rxf4+ 76. Ke3 Ra4 77. Rxe6+ Kf5
78. Re8 Re4+ 79. Kd3 Rxe5 80. Rxe5+ Kxe5 1/2-1/2

[Event "4NCL 2016-17"]
[Site "Reading ENG"]
[Date "2017.03.05"]
[Round "8.32"]
[White "Wells, Peter K"]
[Black "D'Costa, Lorin A R"]
[Result "1/2-1/2"]
[WhiteTitle "GM"]
[BlackTitle "IM"]
[WhiteElo "2429"]
[BlackElo "2391"]
[WhiteTeam "White Rose"]
[BlackTeam "Barbican 4NCL"]
[WhiteFideId "400327"]
[BlackFideId "409219"]
[EventDate "2016.11.19"]

1. d4 Nf6 2. c4 e6 3. Nf3 b6 4. g3 Ba6 5. b3 Bb7 6. Bg2 Bb4+ 7. Bd2 a5 8. O-O
O-O 9. Nc3 Na6 10. a3 Be7 11. Ne5 d5 12. cxd5 exd5 13. Bg5 c5 14. e3 Ne4 15.
Bxe7 Qxe7 16. Qd3 cxd4 17. exd4 Nac5 18. dxc5 Qxe5 19. Nxe4 dxe4 20. Qd7 Ba6 21.
Rfe1 Qxc5 22. Bxe4 Rad8 1/2-1/2

[Event "4NCL 2016-17"]
[Site "Reading ENG"]
[Date "2017.03.05"]
[Round "8.33"]
[White "Merry, Alan B"]
[Black "Adair, James R"]
[Result "0-1"]
[WhiteTitle "FM"]
[BlackTitle "IM"]
[WhiteElo "2395"]
[BlackElo "2488"]
[WhiteTeam "Barbican 4NCL"]
[BlackTeam "White Rose"]
[WhiteFideId "418811"]
[BlackFideId "406252"]
[EventDate "2016.11.19"]

1. e4 c5 2. Nf3 d6 3. Bb5+ Nd7 4. c3 Nf6 5. Qe2 a6 6. Ba4 b5 7. Bc2 Bb7 8. d4 e6
9. O-O Be7 10. Re1 O-O 11. Nbd2 Qc7 12. Nf1 cxd4 13. cxd4 Rac8 14. Bd3 e5 15. d5
Nh5 16. Ng3 Nxg3 17. hxg3 Nc5 18. Bb1 f5 19. exf5 Bxd5 20. Be3 Bf6 21. Rc1 Qf7
22. Bxc5 dxc5 23. Nxe5 Bxe5 24. Qxe5 Rfe8 25. Qf4 Qf6 26. Bd3 c4 27. Bf1 Qxb2
28. Qd6 Bc6 29. Re1 Qf6 30. Qc5 Be4 31. Qa7 Re7 32. Qe3 Rce8 33. Qa3 Bxf5 34.
Rxe7 Rxe7 35. Rd1 h6 36. Rd8+ Kh7 37. Qf3 Re1 38. a4 Bd3 39. Qd5 Rxf1+ 40. Kh2
Rxf2 41. axb5 axb5 42. Re8 Qf7 43. Qxb5 Rf5 0-1

[Event "4NCL 2016-17"]
[Site "Reading ENG"]
[Date "2017.03.05"]
[Round "8.34"]
[White "Gourlay, Iain"]
[Black "Dorrington, Chris J"]
[Result "1/2-1/2"]
[WhiteTitle "FM"]
[WhiteElo "2385"]
[BlackElo "2334"]
[WhiteTeam "White Rose"]
[BlackTeam "Barbican 4NCL"]
[WhiteFideId "2401533"]
[BlackFideId "410462"]
[EventDate "2016.11.19"]

1. c4 e6 2. g3 d5 3. Bg2 Nf6 4. Nf3 Be7 5. O-O O-O 6. b3 b6 7. Nc3 Bb7 8. cxd5
exd5 9. d4 Nbd7 10. Bb2 Re8 11. Rc1 a6 12. Rc2 Bd6 13. Qc1 Qe7 14. Nd1 Rac8 15.
Ne3 g6 16. Bh3 Ne4 17. Ne5 f5 18. f3 Nef6 19. Bxf5 c5 20. Nxd7 Nxd7 21. Bxd7
Qxd7 22. Ng4 Re6 23. Kh1 Qe7 24. Qd2 h5 25. dxc5 bxc5 26. Nf2 d4 27. Nd3 g5 28.
b4 c4 29. Bxd4 cxd3 30. Rxc8+ Bxc8 31. Qxd3 Bxb4 32. Qc4 Bd7 33. Rb1 a5 34. a3
Bd6 35. Rb7 g4 36. Qd5 gxf3 37. exf3 Qf7 38. Qg5+ Kh7 39. Kg2 Re2+ 40. Kg1 Re1+
41. Kf2 Re7 42. Bf6 Bg4 43. Rxe7 Bxe7 44. fxg4 Qxf6+ 45. Qxf6 Bxf6 46. gxh5 a4
47. Ke3 Be7 48. Kd3 Bxa3 49. Kc3 Kh6 50. g4 Bd6 51. h3 Kg5 52. Kb2 Bf8 53. Ka2
Kh6 54. Kb2 Kg5 55. Kc3 Kh4 56. h6 Bxh6 57. Kb4 Kxh3 58. Kxa4 Kxg4 1/2-1/2

[Event "4NCL 2016-17"]
[Site "Reading ENG"]
[Date "2017.03.05"]
[Round "8.35"]
[White "Taylor, Martin R"]
[Black "McNab, Colin A"]
[Result "1-0"]
[WhiteTitle "FM"]
[BlackTitle "GM"]
[WhiteElo "2320"]
[BlackElo "2433"]
[WhiteTeam "Barbican 4NCL"]
[BlackTeam "White Rose"]
[WhiteFideId "407836"]
[BlackFideId "2400030"]
[EventDate "2016.11.19"]

1. d4 d6 2. e4 Nf6 3. f3 e5 4. Ne2 exd4 5. Nxd4 g6 6. c4 Bg7 7. Be3 O-O 8. Nc3
c6 9. Qd2 Re8 10. O-O-O d5 11. cxd5 cxd5 12. exd5 a6 13. Bc4 Nbd7 14. Ne6 fxe6
15. dxe6 Kh8 16. Bb3 Qa5 17. exd7 Bxd7 18. Bd4 Be6 19. Bxe6 Rxe6 20. Rhe1 Rxe1
21. Rxe1 Qc7 22. Re6 Qf7 23. Qe3 Re8 24. Rxe8+ Qxe8 25. Qxe8+ Nxe8 26. Bxg7+
Kxg7 27. Ne4 b6 28. Kd2 h6 29. Kd3 Kf7 30. Kd4 Ke6 31. h4 Nc7 32. Nc3 Kd6 33. b4
Ke6 34. g4 Kd6 35. f4 a5 36. a3 axb4 37. axb4 Na6 38. Kc4 Nc7 39. Nb5+ 1-0

[Event "4NCL 2016-17"]
[Site "Reading ENG"]
[Date "2017.03.05"]
[Round "8.37"]
[White "Jackson, James P"]
[Black "Gantner, Matthias"]
[Result "1/2-1/2"]
[WhiteTitle "FM"]
[BlackTitle "FM"]
[WhiteElo "2290"]
[BlackElo "2287"]
[WhiteTeam "Barbican 4NCL"]
[BlackTeam "White Rose"]
[WhiteFideId "416860"]
[BlackFideId "1310534"]
[EventDate "2016.11.19"]

1. e4 e6 2. d4 d5 3. Nc3 Bb4 4. e5 c5 5. a3 Bxc3+ 6. bxc3 Ne7 7. Qg4 O-O 8. Bd3
f5 9. exf6 Rxf6 10. Bg5 Rf7 11. Qh5 g6 12. Qd1 e5 13. dxe5 Nbc6 14. Nf3 Bg4 15.
Be2 Bxf3 16. Bxf3 Nxe5 17. Be2 Qd6 18. O-O N5c6 19. Qd2 Raf8 20. Rad1 Qe6 21.
Rde1 Qd7 22. Bb5 Nc8 23. Qe3 c4 24. Rd1 Qf5 25. Bh6 d4 26. cxd4 Qxb5 27. Bxf8
Kxf8 28. d5 N6e7 29. Qe6 Nb6 30. d6 Ned5 31. Qe5 Kg8 32. a4 Qc6 33. a5 Nf4 34.
f3 Nd7 35. Qe8+ Kg7 36. Qe3 Qc5 37. Rfe1 Qxe3+ 38. Rxe3 b5 39. axb6 Nxb6 40. Re7
Rxe7 41. dxe7 Kf7 42. Ra1 Nc8 43. Ra4 Nd5 44. Rxc4 Ndxe7 45. Kf2 Ke6 46. Ke3 Nd6
47. Rc5 Nb7 1/2-1/2

[Event "4NCL 2016-17"]
[Site "Reading ENG"]
[Date "2017.03.05"]
[Round "8.38"]
[White "Weller, Jean-Luc"]
[Black "Bhatia, Kanwal K"]
[Result "1-0"]
[BlackTitle "WFM"]
[WhiteElo "2269"]
[BlackElo "2091"]
[WhiteTeam "White Rose"]
[BlackTeam "Barbican 4NCL"]
[WhiteFideId "421936"]
[BlackFideId "407496"]
[EventDate "2016.11.19"]

1. d4 Nf6 2. c4 c5 3. d5 b5 4. cxb5 a6 5. b6 d6 6. Nc3 g6 7. Nf3 Bg7 8. Nd2 Nbd7
9. e4 Nxb6 10. a4 O-O 11. Be2 Rb8 12. O-O Qc7 13. a5 Nbd7 14. Nc4 Rb4 15. Qc2 h6
16. Bd2 Ne8 17. Na4 Rb8 18. Rac1 Qb7 19. Ncb6 Nc7 20. b4 Nb5 21. bxc5 Nd4 22.
Qd3 Ne5 23. Qe3 f5 24. f4 Nf7 25. Bc3 Nb5 26. Bxg7 Kxg7 27. e5 Qa7 28. cxd6 exd6
29. e6 Qe7 30. Bxb5 axb5 31. Qd4+ Qf6 32. Qxf6+ Kxf6 33. Nb2 Nh8 34. Rc7 Re8 35.
Rfc1 Bxe6 36. dxe6 Kxe6 37. Re1+ 1-0

[Event "4NCL 2016-17"]
[Site "Reading ENG"]
[Date "2017.03.05"]
[Round "8.41"]
[White "Fernandez, Daniel Howard"]
[Black "Jones, Gawain C B"]
[Result "1/2-1/2"]
[WhiteTitle "IM"]
[BlackTitle "GM"]
[WhiteElo "2450"]
[BlackElo "2663"]
[WhiteTeam "Guildford"]
[BlackTeam "Guildford"]
[WhiteFideId "5801605"]
[BlackFideId "409561"]
[EventDate "2016.11.19"]

1. e4 e5 2. Nf3 Nc6 3. Nc3 Nf6 4. Bb5 Bb4 5. O-O O-O 6. d3 d6 7. Bxc6 bxc6 8.
Ne2 Re8 9. a3 Bc5 10. Be3 Bxe3 11. fxe3 d5 12. Ng3 a5 13. Qe1 a4 14. h3 Rb8 15.
Rb1 Rb5 16. Qc3 Qd6 17. b4 axb3 18. Rxb3 dxe4 19. dxe4 Be6 20. Rxb5 cxb5 21.
Qxe5 Qxa3 22. Qxb5 Qxe3+ 23. Kh2 h6 24. Nh5 Nxh5 25. Qxe8+ Kh7 26. Qd8 Qf4+ 27.
Kg1 Qe3+ 28. Kh2 Qf4+ 29. Kg1 Qe3+ 30. Kh2 1/2-1/2

[Event "4NCL 2016-17"]
[Site "Reading ENG"]
[Date "2017.03.05"]
[Round "8.42"]
[White "Sadler, Matthew D"]
[Black "Suarez Real, Alberto"]
[Result "1-0"]
[WhiteTitle "GM"]
[BlackTitle "IM"]
[WhiteElo "2670"]
[BlackElo "2416"]
[WhiteTeam "Guildford"]
[BlackTeam "Guildford"]
[WhiteFideId "400173"]
[BlackFideId "2218534"]
[EventDate "2016.11.19"]

1. d4 Nf6 2. c4 g6 3. Nc3 Bg7 4. e4 O-O 5. Bg5 d6 6. f3 a6 7. Qd2 Nbd7 8. Nh3 c5
9. d5 b5 10. cxb5 Qa5 11. Nf2 axb5 12. Nxb5 Nb6 13. Nd1 Bd7 14. Ndc3 Na4 15.
Nxa4 Qxa4 16. Nc3 Qb4 17. Rc1 e6 18. dxe6 Bxe6 19. Be2 Bxa2 20. O-O Be6 21. Kh1
Rfb8 22. Qxd6 Ne8 23. Qg3 Qxb2 24. Rb1 Bxc3 25. Rxb2 Rxb2 26. f4 Rxe2 27. Qxc3
Raa2 28. Rg1 Rxe4 29. Qxc5 Rc4 30. Qe5 Rcc2 31. Bh6 Rc8 32. Re1 Rac2 33. Kg1
R2c5 34. Qa1 Rh5 35. Bg5 h6 36. Be7 Rf5 37. Qd4 Rc4 38. Qd8 Rc8 39. Qd2 Rc4 40.
Ba3 Rfxf4 41. Qd8 Rc8 42. Qxc8 Bxc8 43. Rxe8+ Kh7 44. Rxc8 g5 45. Bb2 h5 46. Rc5
f6 47. Rc2 h4 48. Rf2 Rxf2 49. Kxf2 Kg6 50. Kf3 f5 51. h3 Kh5 52. Bf6 Kg6 53.
Bd8 1-0